书目信息 |
| 题名: |
政治经济学名词解释
|
|
| 作者: | 徐禾 编 | |
| 分册: | ||
| 出版信息: | 北京 人民出版社 1974 |
|
| 页数: | 245页 | |
| 开本: | 19cm | |
| 丛书名: | 马克思主义基础知识丛书 | |
| 单 册: | ||
| 中图分类: | F0-61 | |
| 科图分类: | ||
| 主题词: | 政治经济学--词典 , 政治经济学 | |
| 电子资源: | ||
| ISBN: | ||
| 000 | 00713nam2 2200265 45 | |
| 001 | 0183003241 | |
| 005 | 20070925101109.26 | |
| 010 | @dCNY0.46 | |
| 091 | @a4001.293 | |
| 100 | @a19950404d1974 em y0chiy0121 ea | |
| 101 | 0 | @achi |
| 102 | @aCN@b110000 | |
| 102 | @aCN@b110000 | |
| 105 | @ay e 000yy | |
| 200 | 10 | @a政治经济学名词解释@Azheng zhi jing ji xue ming ci jie shi@f徐禾等编@Fxu he deng bian |
| 210 | @a北京@c人民出版社@d1974 | |
| 215 | @a245页@d19cm | |
| 225 | 2 | @a马克思主义基础知识丛书 |
| 410 | 0 | @120010@a马克思主义基础知识丛书 |
| 606 | @a政治经济学@x词典 | |
| 606 | 0 | @a政治经济学 |
| 690 | @aF0-61 | |
| 701 | 0 | @a徐禾@Axu he@4编 |
| 801 | 2 | @aCN@bNLC@c20070925 |
| 905 | @dF0-61@e197 | |
| 政治经济学名词解释/徐禾等编.-北京:人民出版社,1974 |
| 245页;19cm.-(马克思主义基础知识丛书) |
| ISBN :CNY0.46 |
| ● |
| 相关链接 |
|
|
|
|
正题名:政治经济学名词解释
索取号:F0-61/197
 
预约/预借
| 序号 | 登录号 | 条形码 | 馆藏地/架位号 | 状态 | 备注 |
| 1 | 0424802 | 204248028 | 密集书库/ [索取号:F0-61/197] | 在馆 | |
| 2 | 0440840 | 204408408 | 密集书库/ [索取号:F0-61/197] | 在馆 | |
| 3 | 0440841 | 204408417 | 密集书库/ [索取号:F0-61/197] | 在馆 | |
| 4 | 0440842 | 204408426 | 密集书库/ [索取号:F0-61/197] | 在馆 | |
| 5 | 0440843 | 204408435 | 密集书库/ [索取号:F0-61/197] | 在馆 | |
| 6 | 0440844 | 204408444 | 密集书库/ [索取号:F0-61/197] | 在馆 | |
| 7 | 0440845 | 204408453 | 密集书库/ [索取号:F0-61/197] | 在馆 | |
| 8 | 0440846 | 204408462 | 密集书库/ [索取号:F0-61/197] | 在馆 | |
| 9 | 0469233 | 204692332 | 密集书库/ [索取号:F0-61/197] | 在馆 | |
| 10 | 0471155 | 204711552 | 密集书库/ [索取号:F0-61/197] | 在馆 | |
| 11 | 0609838 | 206098382 | 密集书库/ [索取号:F0-61/197] | 在馆 | |
| 12 | 0767729 | 207677290 | 密集书库/ [索取号:F0-61/197] | 在馆 | |
| 13 | 0769820 | 207698204 | 密集书库/ [索取号:F0-61/197] | 在馆 |